| 000 | 00924nam0a22002291i 4500 | ||
|---|---|---|---|
| 001 | rc\1171199 | ||
| 005 | 20240726041804.0 | ||
| 035 | _a(NLR Aleph) 006414210 | ||
| 090 |
_a5378963 _c5378963 |
||
| 100 | _a20041129d1980 u |0rusy50 ca | ||
| 101 | 0 | _arus | |
| 102 | _aRU | ||
| 105 | _ay ||||||||| | ||
| 200 | 1 |
_aОпыт парадигматического анализа лексики _e(На материале геогр. терминов арханг. говоров) _eАвтореф. дис. на соиск. учен. степ. канд. филол. наук _e(10.02.01) |
|
| 210 |
_aМ. _cИзд-во Моск. ун-та _d1980 |
||
| 215 | _a25 с. | ||
| 300 | _aВ надзаг.: МГУ им. М.В. Ломоносова, Филол. фак. | ||
| 700 | 1 |
_aЧернейко _bЛ.О. _gЛюдмила Олеговна |
|
| 801 | 0 |
_aRU _bNLR _gpsbo |
|
| 801 | 1 |
_aRU _bELAR _2rusmarc |
|
| 852 |
_aNLR _j81-4/9176 |
||
| 942 | _cBOOK | ||